[Event "10th LGA Premium Cup GpC"]
[Site "Nuernberg GER"]
[Date "2013.09.07"]
[Round "4.2"]
[White "Klek,H"]
[Black "Zude,E"]
[Result "1-0"]
[WhiteElo "2275"]
[BlackElo "2377"]

1.e4 d6 2.d4 Nf6 3.Nc3 e5 4.Nf3 exd4 5.Nxd4 Be7 6.g3 O-O 7.Bg2 Nc6 8.Nxc6 bxc6
9.O-O Rb8 10.b3 Nd7 11.Bb2 Bf6 12.f4 c5 13.e5 dxe5 14.Ne4 exf4 15.Nxf6+ Nxf6
16.Rxf4 Rb4 17.Qxd8 Rxd8 18.Bxf6 gxf6 19.Rxf6 Be6 20.Re1 c4 21.Re5 Rd6 22.Ra5 a6
23.Rc5 Rb5 24.Rxc7 Ra5 25.bxc4 Rxa2 26.Be4 Rd2 27.Rf2 Rd1+ 28.Kg2 a5 29.Bd3 Raa1
30.Kf3 a4 31.Ra7 Re1 32.Kf4 h6 33.Re2 Rf1+ 34.Ke5 Rfb1 35.c5 a3 36.Ra8+ Kg7
37.Kd6 a2 38.Rxe6 Rb2 39.Re4 Rd1 40.Ke5 f6+ 41.Ke6  1-0

[Event "10th LGA Premium Cup GpB"]
[Site "Nuernberg GER"]
[Date "2013.09.07"]
[Round "5.4"]
[White "Renner,Christo"]
[Black "Zaragatski,I"]
[Result "0-1"]
[WhiteElo "2402"]
[BlackElo "2499"]

1.e4 d6 2.d4 Nf6 3.Nc3 e5 4.dxe5 dxe5 5.Qxd8+ Kxd8 6.Bc4 Ke8 7.Nf3 Bd6 8.Bg5 Nbd7
9.O-O-O a6 10.Rhe1 h6 11.Bh4 Kf8 12.Bb3 g6 13.Nd2 b5 14.a4 Rb8 15.f4 Kg7
16.Nf3 Nh5 17.Nd5 Re8 18.f5 Nc5 19.g4 Nxb3+ 20.cxb3 Nf4 21.Nxf4 exf4 22.e5 Bc5
23.Bf6+ Kg8 24.Nd4 bxa4 25.bxa4 Rb6 26.Nc2 gxf5 27.g5 hxg5 28.Bxg5 f3 29.b4 Bf8
30.Bf6 Bh6+ 31.Kb2 Bb7 32.Rg1+ Kf8 33.a5 Rb5 34.Rg3 Bf4  0-1

[Event "TCh-SUI 2013"]
[Site "Switzerland SUI"]
[Date "2013.09.07"]
[Round "6.4"]
[White "Georgiadis,N"]
[Black "Modler,A"]
[Result "1-0"]
[WhiteElo "2394"]
[BlackElo "2298"]

1.e4 d6 2.d4 Nf6 3.Nc3 e5 4.Nf3 Nbd7 5.Bc4 Be7 6.O-O O-O 7.Re1 c6 8.a4 b6
9.b3 a6 10.Bb2 Rb8 11.Bd3 b5 12.axb5 axb5 13.Ne2 Qc7 14.Ng3 g6 15.Qd2 Re8
16.h3 Bf8 17.Bf1 Bb7 18.Rad1 Bg7 19.Ba3 exd4 20.Nxd4 Ra8 21.Bb2 Nc5 22.Qf4 Ne6
23.Nxe6 Rxe6 24.Qc1 Rae8 25.Bd3 Qb6 26.c4 bxc4 27.Bxc4 d5 28.Bd4 c5 29.Bxf6 Bxf6
30.exd5 R6e7 31.Rxe7 Rxe7 32.Qf4 Be5 33.Qg4 Bd4 34.Nf5 Bxf2+ 35.Kf1 Re8 36.d6 Re4
37.d7 Bd4 38.Qg5 Rf4+ 39.Qxf4 gxf5 40.Qg5+  1-0

[Event "TCh-SUI 2013"]
[Site "Switzerland SUI"]
[Date "2013.09.07"]
[Round "6.7"]
[White "Botta,Ga"]
[Black "Paleologu,V"]
[Result "0-1"]
[WhiteElo "2327"]
[BlackElo "2150"]

1.e4 d6 2.d4 Nf6 3.Nc3 Nbd7 4.Nf3 e5 5.Bc4 Be7 6.O-O c6 7.a4 Qc7 8.b3 h6
9.Ba3 Nf8 10.Nh4 exd4 11.Qxd4 Ne6 12.Qd2 Nc5 13.Rfe1 Ng4 14.Nf3 Ne5 15.Be2 O-O
16.Nd4 Rd8 17.f4 Ng6 18.Rad1 a6 19.Kh1 b5 20.Bf3 Rb8 21.axb5 axb5 22.Bb2 b4
23.Na2 Na6 24.Nf5 Bf8 25.g3 c5 26.Nc1 d5 27.Ne3 d4 28.Nd5 Qd7 29.Nd3 Nc7
30.Nxc7 Qxc7 31.Ra1 Bb7 32.Qg2 Qc6 33.Rf1 Qc7 34.Ra7 Ra8 35.Rfa1 Rxa7 36.Rxa7 Qb6
37.Ra1 Qc6 38.f5 Ne7 39.Ra5 Nxf5 40.Bc1 Qb6 41.Ra4 Ne7 42.Bd2 Ra8 43.Nb2 Qc6
44.g4 Ng6 45.Rxa8 Bxa8 46.Qf2 Ne5 47.Bg2 Nxg4 48.Qg3 Qe6 49.h3 Nf6 50.e5 Bxg2+
51.Kxg2 Ne4 52.Qf4 Nxd2 53.Qxd2 Qxe5  0-1

[Event "Lake Sevan 2013"]
[Site "Martuni ARM"]
[Date "2013.09.08"]
[Round "1.4"]
[White "Hovhannisyan,R"]
[Black "Grigoryan,K2"]
[Result "0-1"]
[WhiteElo "2623"]
[BlackElo "2563"]

1.e4 d6 2.d4 Nf6 3.Nc3 e5 4.Nf3 Nbd7 5.Bc4 Be7 6.O-O O-O 7.a4 a6 8.a5 exd4
9.Qxd4 Nc5 10.h3 Be6 11.b4 Ncxe4 12.Nxe4 d5 13.Neg5 dxc4 14.Nxe6 fxe6 15.Qxc4 Qd5
16.Qxc7 Rac8 17.Qxe7 Rf7 18.Qxf7+ Kxf7 19.Be3 h6 20.Rad1 Qe4 21.Bc5 Qxc2
22.Rfe1 Re8 23.Rd6 Ne4 24.Rd7+ Kg8 25.Bb6 Qa4 26.Rxb7 Qxb4 27.Ra7 Rf8 28.Rd1 Rxf3
29.gxf3 Ng5 30.Rad7 Nxf3+ 31.Kg2 Qe4 32.Kf1 Nh4 33.R7d3 Ng6 34.Re3 Qh1+ 35.Ke2 Nf4+
36.Kd2 Qg2 37.Rb3 Nxh3 38.Rg3 Qd5+ 39.Ke1 Qe4+ 40.Re3 Qh1+ 41.Kd2 Qh2 42.Rxe6 Nxf2
43.Bxf2 Qxf2+ 44.Re2 Qc5 45.Ke1 Qxa5+ 46.Rdd2 h5 47.Kf1 Qf5+ 48.Rf2 Qb1+
49.Kg2 Qe4+ 50.Kg1 a5 51.Ra2 g5 52.Ra3 Qb1+ 53.Kh2 Qb8+ 54.Kh1 Qb7+ 55.Kg1 Qb6
56.Rf3 Kg7 57.Kg2 Qc6 58.Kh2 Kg6 59.Rd3 Qe6 60.Rfd2 Qe5+ 61.Kg1 h4 62.Ra2 g4
63.Rda3 Qe1+ 64.Kh2 g3+ 65.Kg2 Qe4+ 66.Kg1 Qb1+ 67.Kg2 Qb7+ 68.Kg1 Kg5 69.Ra4 Qc6
70.Ra1 Qc5+ 71.Kh1 Qd5+ 72.Kg1 h3  0-1

[Event "FSGM Sept 2013"]
[Site "Budapest HUN"]
[Date "2013.09.09"]
[Round "2.4"]
[White "Szabo,Krisz1"]
[Black "Czebe,A"]
[Result "1/2-1/2"]
[WhiteElo "2561"]
[BlackElo "2492"]

1.e4 d6 2.d4 Nf6 3.Nc3 e5 4.Nf3 Nbd7 5.Bc4 Be7 6.a4 O-O 7.O-O c6 8.Re1 b6
9.d5 Bb7 10.dxc6 Bxc6 11.Nh4 Nxe4 12.Nxe4 Bxh4 13.Nxd6 Nc5 14.g3  1/2-1/2

[Event "Mohamed Slama Mem 2013"]
[Site "Monastir TUN"]
[Date "2013.09.09"]
[Round "1.6"]
[White "Azaiez,Fahmi"]
[Black "Lazic,Mir"]
[Result "0-1"]
[WhiteElo "2073"]
[BlackElo "2439"]

1.e4 d6 2.d4 Nf6 3.Nc3 e5 4.Nf3 Nbd7 5.Bc4 Be7 6.O-O O-O 7.Re1 c6 8.a4 a5
9.h3 exd4 10.Qxd4 Nc5 11.Bf4 Ne8 12.Bg3 Be6 13.Rad1 Qb6 14.Bxe6 fxe6 15.b3 Rd8
16.Qe3 e5 17.Nd2 Nc7 18.Nc4 Qa7 19.Rd2 N7e6 20.h4 b6 21.Ne2 b5 22.axb5 cxb5
23.Nb2 b4 24.Ra1 Qa6 25.Nd3 Qb5 26.Nxc5 Nxc5 27.c4 Qc6 28.Rxa5 Nxe4 29.Rda2 Nc5
30.Nc1 Bf6 31.Nd3 Nxb3 32.Nxb4 Qxc4 33.R5a4 Nc5  0-1

[Event "Satka Autumn 2013"]
[Site "Satka RUS"]
[Date "2013.09.09"]
[Round "7"]
[White "Ainutdinova,Y"]
[Black "Mirzoeva,E"]
[Result "0-1"]
[WhiteElo "2098"]
[BlackElo "2215"]

1.e4 d6 2.d4 Nf6 3.Nc3 e5 4.Nf3 Nbd7 5.Bc4 Be7 6.O-O O-O 7.Re1 c6 8.a4 a5
9.h3 Nb6 10.Ba2 Nfd7 11.dxe5 dxe5 12.Be3 Qc7 13.Ng5 Bxg5 14.Bxg5 Nc5 15.Be3 Ne6
16.Qf3 Nd4 17.Qg3 Qe7 18.Rad1 c5 19.Bg5 Qd6 20.Kh2 Bd7 21.Nb5 Bxb5 22.axb5 h6
23.Bh4 Kh7 24.c3 g5 25.Bxg5 Rg8 26.cxd4 cxd4 27.Qf3 Rxg5 28.Qxf7+ Rg7 29.Qf5+ Kh8
30.f4 Rf8 31.fxe5 Qb4 32.Qh5 Kh7 33.Qe2 Nd7 34.Rf1 Rxf1 35.Rxf1 Nxe5 36.Rf6 Qe7
37.Qf2 d3 38.Qf4 Rg6 39.Rf5 Rg5 40.b6 Qd6 41.Rf6 Qd4 42.Re6 d2 43.Bb3 Qxb2
44.Re7+ Rg7 45.Qf5+ Ng6 46.Rxg7+ Qxg7 47.Qd5 Qe5+ 48.Kg1 Qa1+ 49.Kh2 Qe5+
50.Kg1 Qxd5 51.exd5 Kg7 52.Kf2 Nf4 53.d6 Kf6 54.Ke3 Nd5+ 55.Kxd2 Nxb6 56.Ke3 Ke5
57.g4 Kxd6 58.Kf4 a4 59.Bc2 a3 60.Bb3 Nd5+ 61.Kf5 Nc3 62.Kg6 a2 63.Bxa2 Nxa2
64.Kxh6 Nc3 65.g5 Ne4 66.g6 Ke7 67.h4 b5 68.h5 b4 69.Kg7 b3 70.h6 b2 71.h7 b1=Q
72.h8=Q Qb2+ 73.Kg8 Nf6+ 74.Kg7 Ne8+ 75.Kh7 Nf6+ 76.Kg7 Ne4+ 77.Kg8 Qb8+
78.Kg7 Qe5+ 79.Kg8 Qe6+ 80.Kh7 Ng5+ 81.Kh6 Nf7+  0-1

[Event "TCh-ESP CECLUB Honor 2013"]
[Site "Linares ESP"]
[Date "2013.09.10"]
[Round "3.4"]
[White "Moreno Tejera,E"]
[Black "Argandona Riveiro,I"]
[Result "1-0"]
[WhiteElo "2394"]
[BlackElo "2386"]

1.e4 d6 2.d4 Nf6 3.Nc3 e5 4.Nf3 Nbd7 5.Bc4 Be7 6.O-O Nb6 7.Be2 exd4 8.Nxd4 O-O
9.Re1 Re8 10.a4 a5 11.Bf1 c6 12.b3 Bf8 13.Bb2 Nbd7 14.Qd2 Nc5 15.Qf4 Qe7
16.f3 Qe5 17.Qd2 Qe7 18.Rad1 Qc7 19.Kh1 Bd7 20.Qf4 Rad8 21.Nf5 Bxf5 22.Qxf5 Re5
23.Qf4 Ne6 24.Qg3 Rg5 25.Qf2 d5 26.exd5 Bc5 27.Qd2 Nh5 28.g4 Nhf4 29.h4 Rg6
30.Qh2 cxd5 31.Nb5 Qb6 32.Be5 Bf2 33.Bxf4 Bxe1 34.Rxe1 Nxf4 35.Qxf4 Qf2 36.Qe3 Qxh4+
37.Kg2 h5 38.Bd3 Re6 39.Qf2 Qxf2+ 40.Kxf2 Rxe1 41.Kxe1 h4 42.g5 g6 43.Kf2 Kg7
44.Kg2 Rh8 45.Kh3 f6 46.f4 fxg5 47.fxg5 Rh5 48.Nd4 Kf7 49.Nf3 d4 50.Bf1 Ke6
51.Kg4 d3 52.cxd3 Rh8 53.Nxh4 Rc8 54.Nxg6 Rc1 55.Nf4+ Ke5 56.d4+ Ke4 57.Bg2+ Ke3
58.g6  1-0

[Event "Pankrac Cup 2013"]
[Site "Prague CZE"]
[Date "2013.09.10"]
[Round "1"]
[White "Postupa,P2"]
[Black "Neuman,P"]
[Result "1/2-1/2"]
[WhiteElo "2260"]
[BlackElo "2499"]

1.e4 d6 2.d4 Nf6 3.Nc3 e5 4.Nf3 Nbd7 5.Be2 c6 6.a4 a5 7.O-O Be7 8.Re1 O-O
9.b3 Re8 10.Bb2 Bf8 11.Bf1 Qc7 12.h3 h6 13.Qd2 exd4 14.Nxd4 Nc5 15.Bd3 Bd7
16.Rad1 Nxd3 17.Qxd3 Rad8 18.Qg3 Qb6 19.Ba3 Bc8 20.Nf3 Re6 21.Nd2 d5 22.Bxf8 Kxf8
23.exd5 Nxd5 24.Nc4 Qc5 25.Rxe6 Bxe6 26.Nxd5 cxd5 27.Qd3 g6 28.Qd2 Rc8 29.Ne3 b6
30.Nxd5 Bxd5 31.Qxd5  1/2-1/2

[Event "FSIM Sept 2013"]
[Site "Budapest HUN"]
[Date "2013.09.11"]
[Round "4.6"]
[White "Blazeka,M"]
[Black "Pribyl,Jo"]
[Result "1/2-1/2"]
[WhiteElo "2312"]
[BlackElo "2314"]

1.e4 d6 2.d4 Nf6 3.Nc3 e5 4.Nge2 c6 5.g3 b5 6.Bg2 Nbd7 7.a4 b4 8.Nb1 Be7
9.O-O d5 10.c3 Ba6 11.Re1  1/2-1/2

[Event "TCh-ESP CECLUB Honor 2013"]
[Site "Linares ESP"]
[Date "2013.09.11"]
[Round "4.2"]
[White "Fernandez Barrera,V"]
[Black "Gonzalez de la Torre,S"]
[Result "0-1"]
[WhiteElo "2326"]
[BlackElo "2472"]

1.e4 d6 2.d4 Nf6 3.Nc3 e5 4.Nf3 Nbd7 5.Bc4 Be7 6.O-O O-O 7.Re1 c6 8.a4 b6
9.Ba2 a6 10.Nh4 exd4 11.Qxd4 Ne5 12.Nf5 Bxf5 13.exf5 Re8 14.Bf4 Qc7 15.Rad1 Bf8
16.h3 b5 17.Ne4 Nh5 18.Bh2 d5 19.Ng5 Bd6 20.Bxd5 cxd5 21.Qxd5 h6 22.Bxe5 Bxe5
23.Rxe5 hxg5 24.Rxe8+ Rxe8 25.axb5 axb5 26.Qxb5 Rb8 27.Qa4 Rxb2 28.Qg4 Nf6
29.Qxg5 Rxc2 30.g3 Rxf2 31.Ra1 Qd8  0-1

[Event "FSFMB Sept 2013"]
[Site "Budapest HUN"]
[Date "2013.09.12"]
[Round "5.5"]
[White "Steer,J"]
[Black "Csiba,Tibor Dr."]
[Result "1-0"]
[WhiteElo "1911"]
[BlackElo "1574"]

1.e4 d6 2.d4 Nf6 3.Nc3 c6 4.Nf3 Bg4 5.h3 Bxf3 6.Qxf3 e5 7.Be3 Nbd7 8.O-O-O Qc7
9.g4 h6 10.Bc4 exd4 11.Bxd4 b5 12.Bxf6 Nxf6 13.e5 Nxg4 14.Bxf7+ Qxf7 15.Qxc6+ Ke7
16.exd6+ Kd8 17.Qxa8+ Kd7 18.Qxa7+  1-0

[Event "52nd World Juniors"]
[Site "Kocaeli TUR"]
[Date "2013.09.13"]
[Round "1.58"]
[White "Benitez Lozano,J"]
[Black "Ertekin,Oguzhan"]
[Result "1-0"]
[WhiteElo "2308"]
[BlackElo "1583"]

1.e4 d6 2.d4 Nf6 3.Nc3 c6 4.f4 g6 5.Nf3 Bg7 6.Bd3 O-O 7.O-O Bg4 8.h3 Bxf3
9.Qxf3 Qb6 10.Ne2 c5 11.Be3 Nc6 12.dxc5 dxc5 13.e5 Nd7 14.a3 Nd4 15.Qe4 Nxe2+
16.Bxe2 e6 17.Rad1 Rfd8 18.Rd6 Qc7 19.Bf3 Bf8 20.Rd2 b5 21.Qc6 Rac8 22.Qxb5 Rb8
23.Qc6 Qxc6 24.Bxc6 Nb6 25.Rxd8 Rxd8 26.b3 Nd5 27.Rd1 Be7 28.Bc1 Nc3 29.Rxd8+ Bxd8
30.Kf2 f6 31.Kf3 fxe5 32.fxe5 Kf7 33.Bb2 Nd5 34.Ke4 Ne7 35.Bb7 g5 36.Kd3 h5
37.Kc4 Bb6 38.Bf3 h4 39.Bh5+ Kg7 40.Bc1 Kh6 41.Bg4 Ng6 42.Bb2 Nf4 43.Bf3 Kg6
44.Be4+ Kh5 45.Kb5 g4 46.Bc1 Kg5 47.Kc6 Bd8 48.Kd6 a5 49.Bd2 g3 50.Kd7  1-0

[Event "Mohamed Slama Mem 2013"]
[Site "Monastir TUN"]
[Date "2013.09.13"]
[Round "7.3"]
[White "Bouzidi,Ahmed"]
[Black "Haddouche,M"]
[Result "0-1"]
[WhiteElo "2196"]
[BlackElo "2462"]

1.e4 d6 2.d4 Nf6 3.Nc3 c6 4.Nf3 Qa5 5.Bd3 e5 6.Bd2 Qc7 7.Qe2 Be7 8.h3 O-O
9.g4 b5 10.g5 Nfd7 11.d5 b4 12.Nd1 cxd5 13.Ne3 dxe4 14.Bxe4 Bb7 15.Nf5 Nc5
16.Bxb7 Qxb7 17.Nxe7+ Qxe7 18.Bxb4 Nba6 19.Bc3 Qb7 20.O-O Ne6 21.Bd2 Nac5
22.b3 f6 23.g6 hxg6 24.Nh4 Nd4 25.Qg4 Qe4 26.c3 Ne2+ 27.Kh2 Qxg4 28.hxg4 Kf7
29.Rae1 Rh8 30.Rxe2 Rxh4+ 31.Kg3 Rah8 32.Re3 f5 33.gxf5 gxf5 34.f4  0-1

[Event "Alushta Autumn 4 2013"]
[Site "Alushta UKR"]
[Date "2013.09.14"]
[Round "7"]
[White "Shtyrenkov,V"]
[Black "Yarmysty,M"]
[Result "1-0"]
[WhiteElo "2341"]
[BlackElo "2347"]

1.d4 d6 2.e4 Nf6 3.Nc3 c6 4.Nf3 Bg4 5.h3 Bh5 6.g4 Bg6 7.Bd3 e6 8.Qe2 d5 9.Bd2 Bb4
10.e5 Nfd7 11.O-O-O Bxd3 12.Qxd3 Nb6 13.Ne2 Be7 14.h4 Na6 15.b3 c5 16.Qb5+ Qd7
17.Qxd7+ Nxd7 18.c3 cxd4 19.cxd4 Rc8+ 20.Kb1 f6 21.Nf4 fxe5 22.Nxe6 e4 23.Nfg5 Bf6
24.Nf4 Nc7 25.f3 O-O 26.fxe4 dxe4 27.Nxe4 Bxd4 28.Bb4 Rxf4 29.Rxd4 Nb5 30.Nf6+ Rxf6
31.Rxd7 Rf4 32.Bd2 Rxg4 33.Rxb7 Rg2 34.Bb4 a6 35.Rb6 Nc3+ 36.Bxc3 Rxc3 37.Rxa6 h5
38.Rd1 Rcc2  1-0

[Event "TCh-POL Ekstraliga 2013"]
[Site "Katowice POL"]
[Date "2013.09.14"]
[Round "8.3"]
[White "Lisowski,K"]
[Black "Lubczynski,R"]
[Result "0-1"]
[WhiteElo "2165"]
[BlackElo "2419"]

1.e4 d6 2.d4 Nf6 3.Nc3 e5 4.dxe5 dxe5 5.Qxd8+ Kxd8 6.Bc4 Be6 7.Bxe6 fxe6
8.Be3 Bd6 9.f3 Nc6 10.Nge2 Ke7 11.O-O-O Rhb8 12.h4 b5 13.h5 Nd7 14.h6 g6
15.Bg5+ Ke8 16.f4 b4 17.Na4 Nb6 18.Nxb6 axb6 19.Kb1 exf4 20.Nxf4 Ra5 21.e5 Rxe5
22.Nh3 Ra8 23.Bf4 Rea5 24.a3 Ke7 25.Rhf1 bxa3 26.b3 a2+ 27.Ka1 Bb4 28.Bd2 Rd8
29.Bc1 Nd4  0-1

[Event "52nd World Juniors"]
[Site "Kocaeli TUR"]
[Date "2013.09.14"]
[Round "2.8"]
[White "Eliseev,U"]
[Black "Akhmetov,Ay"]
[Result "1/2-1/2"]
[WhiteElo "2550"]
[BlackElo "2382"]

1.e4 d6 2.d4 Nf6 3.Nc3 e5 4.Nf3 Nbd7 5.Bc4 Be7 6.O-O O-O 7.Re1 c6 8.a4 a5
9.h3 Nb6 10.Bd3 Nfd7 11.Be3 exd4 12.Bxd4 Nc5 13.Qd2 Be6 14.b3 d5 15.exd5 Nxd5
16.Bxc5 Bxc5 17.Ne4 Bb4 18.c3 Be7 19.Neg5 Bxg5 20.Nxg5 h6 21.Nxe6 fxe6 22.g3 Qf6
23.c4 Nb4 24.Be4 Rad8 25.Qe2 e5 26.Rad1 Rd4 27.Bb1 Kh8 28.Kg2 c5 29.Rxd4 cxd4
30.f3 Qc6 31.Be4 Qd7 32.Bd3 Qc6  1/2-1/2

[Event "52nd World Juniors"]
[Site "Kocaeli TUR"]
[Date "2013.09.14"]
[Round "2.35"]
[White "Dastan,B"]
[Black "Thompson,Robert"]
[Result "1-0"]
[WhiteElo "2455"]
[BlackElo "1966"]

1.e4 d6 2.d4 Nf6 3.Nc3 e5 4.dxe5 dxe5 5.Qxd8+ Kxd8 6.Bg5 Be6 7.O-O-O+ Nd7
8.f4 exf4 9.Nf3 h6 10.Bxf4 c6 11.Nd4 Bg4 12.Be2 Bxe2 13.Ndxe2 Bc5 14.e5 Ng4
15.Ne4 Be3+ 16.Bxe3 Nxe3 17.Nc5 Nxd1 18.Rxd1 Re8 19.Rxd7+ Kc8 20.Rxf7  1-0

[Event "Alushta Autumn 4 2013"]
[Site "Alushta UKR"]
[Date "2013.09.16"]
[Round "10"]
[White "Bajarani,U"]
[Black "Pavlov,Ma"]
[Result "1-0"]
[WhiteElo "2436"]
[BlackElo "2408"]

1.e4 d6 2.d4 Nf6 3.Nc3 e5 4.dxe5 dxe5 5.Qxd8+ Kxd8 6.Bg5 c6 7.O-O-O+ Ke8
8.f4 Nbd7 9.h3 h6 10.Bxf6 gxf6 11.fxe5 fxe5 12.Nf3 b5 13.Bd3 Rg8 14.g4 f6
15.Ne2 Nc5 16.Ng3 Be6 17.Kb1 Rd8 18.Nh4 Kf7 19.Rhf1 Rd7 20.Rf3 Bg7 21.b4 Na4
22.Rdf1 Rd4 23.a3 a5 24.Nhf5 axb4 25.Nxd4 exd4 26.axb4 Ra8 27.Nh5 Nc3+ 28.Kc1 Bc4
29.Kd2 Ra3 30.e5 Bxd3 31.Kxd3 Na2+ 32.Kxd4 Nxb4 33.Rxa3 Nxc2+ 34.Kd3 Nxa3
35.e6+  1-0

[Event "TCh-CRO Ia Liga 2013"]
[Site "Bol CRO"]
[Date "2013.09.16"]
[Round "3.4"]
[White "Zelcic,R"]
[Black "Jovanovic,Zo CRO"]
[Result "1/2-1/2"]
[WhiteElo "2532"]
[BlackElo "2529"]

1.e4 d6 2.d4 Nf6 3.Nc3 e5 4.Nf3 Nbd7 5.Bc4 Be7 6.O-O Nb6 7.Be2 exd4 8.Nxd4 O-O
9.a4 a5 10.Re1 Re8 11.Bf1 c6 12.h3 Bf8 13.Bg5 Nbd7 14.Nf3 h6 15.Bh4 Qb6 16.Qd2 Qb4
17.b3 Nh7 18.Rad1 Ne5 19.Nh2 Ng6 20.Bg3 Nf6 21.Re3 Rd8 22.Nf3 Be6 23.Nd4 Bd7
24.Nde2 Be6 25.Nd4 Bd7 26.Nf3 Be6  1/2-1/2

[Event "TCh-CRO 2a Liga 2013"]
[Site "Bol CRO"]
[Date "2013.09.16"]
[Round "3.3"]
[White "Brnas,A"]
[Black "Curic,D"]
[Result "1-0"]
[WhiteElo "2311"]
[BlackElo "2245"]

1.e4 d6 2.d4 Nf6 3.Nc3 c6 4.f4 Qa5 5.Bd3 e5 6.Nf3 Bg4 7.Be3 Nbd7 8.h3 Bh5
9.g4 exf4 10.Bxf4 Bg6 11.Qe2 Be7 12.O-O-O O-O 13.Bd2 Rfe8 14.Kb1 Bf8 15.g5 Nh5
16.Qf2 b5 17.Nh4 Qd8 18.Rhf1 b4 19.Ne2 c5 20.Bc4  1-0

[Event "52nd World Juniors"]
[Site "Kocaeli TUR"]
[Date "2013.09.16"]
[Round "4.33"]
[White "Baglan,E"]
[Black "Akhmetov,Ay"]
[Result "0-1"]
[WhiteElo "2024"]
[BlackElo "2382"]

1.e4 d6 2.d4 Nf6 3.Nc3 e5 4.Nf3 Nbd7 5.g4 Nxg4 6.Rg1 exd4 7.Qxd4 Nde5 8.Nxe5 dxe5
9.Qxd8+ Kxd8 10.h3 Nf6 11.f4 c6 12.fxe5 Nd7 13.Bf4 Nc5 14.O-O-O+ Ke8 15.Bh2 Be6
16.Rd4 Nd7 17.Rd1 g6 18.Bg2 Bg7 19.Nd5 cxd5 20.exd5 Bf5 21.Rge1 Rc8 22.Re2 Nc5
23.Bf4 Nd3+  0-1

[Event "1st League Cent-SRB 2013"]
[Site "Kragujevac SRB"]
[Date "2013.09.17"]
[Round "5.1"]
[White "Zivkovic,Sava"]
[Black "Tadic,Br"]
[Result "0-1"]
[WhiteElo "2353"]
[BlackElo "2486"]

1.e4 d6 2.d4 Nf6 3.Nc3 e5 4.Nf3 Nbd7 5.Bc4 Be7 6.O-O O-O 7.Re1 a6 8.a4 h6
9.h3 Re8 10.Be3 Bf8 11.Qd2 b6 12.dxe5 dxe5 13.Rad1 c6 14.Ba2 b5 15.Qd3 Qc7
16.Nh4 Nc5 17.Bxc5 Bxc5 18.Nf5 b4 19.Ne2 Bxf5 20.exf5 Rad8 21.Qc4 Qa7 22.Qh4 e4
23.Qf4 e3 24.f3 Rd2 25.Kh1 Rxc2  0-1

[Event "1st League Cent-SRB 2013"]
[Site "Kragujevac SRB"]
[Date "2013.09.17"]
[Round "5.5"]
[White "Marinkovic,I"]
[Black "Ivanovic,Dragu"]
[Result "1/2-1/2"]
[WhiteElo "2448"]
[BlackElo "2360"]

1.e4 d6 2.d4 Nf6 3.Nc3 Nbd7 4.g3 e5 5.Nge2 b5 6.Bg2 Bb7 7.O-O a6 8.a4 c6
9.d5 b4 10.dxc6 Bxc6 11.Nd5 Bxd5 12.exd5 Be7 13.Bd2 Rb8 14.c3 bxc3 15.Bxc3 O-O
16.b4 Qb6 17.Qd3 Qb7 18.a5 e4 19.Bxe4 Nxe4 20.Qxe4 Nf6 21.Bxf6 Bxf6 22.Rab1 Rfe8
23.Qf3 Qb5 24.Nf4 Rbc8 25.Qd3 Qxd3 26.Nxd3 Rc3 27.Rfd1 Ra3 28.Rbc1 Bc3 29.Rc2 g5
30.Rdc1 Bd4 31.Nb2 Rd8 32.Rc8 Rxc8 33.Rxc8+ Kg7 34.Nc4 Ra1+ 35.Kg2 Ra2 36.g4 Bxf2
37.Kf3 Be1 38.Nxd6 Kf6 39.Ne4+ Ke5 40.d6 Ra3+ 41.Ke2 Bxb4 42.d7 Bxa5 43.Nxg5 Ra2+
44.Kf3 Ra3+ 45.Kg2 Kf6 46.Nxh7+ Ke7 47.Rc6 Bd8 48.Nf6 a5 49.g5 a4 50.Ra6 Ra2+
51.Kg3 Bc7+ 52.Kg4 Rg2+ 53.Kf5 Rf2+ 54.Ke4 Rxh2 55.Nd5+  1/2-1/2

[Event "FSIM Sept 2013"]
[Site "Budapest HUN"]
[Date "2013.09.18"]
[Round "13.4"]
[White "Szalanczy,E"]
[Black "Pribyl,Jo"]
[Result "1/2-1/2"]
[WhiteElo "2261"]
[BlackElo "2314"]

1.e4 d6 2.d4 Nf6 3.Nc3 e5 4.Nf3 Nbd7 5.Bc4 Be7 6.O-O O-O 7.a4 c6 8.Ba2 b6
9.Re1 a6 10.Bg5 Ne8 11.Be3 Bb7 12.Qd2 Qc7 13.Rad1 Rd8 14.Bg5 Ndf6 15.h3 b5
16.axb5 axb5 17.b4 Ra8 18.Bb3 h6 19.Bh4 Nh5 20.d5 Nef6 21.dxc6 Bxc6 22.Nd5 Bxd5
23.Bxd5 Nxd5 24.Qxd5 g5 25.Bg3 Nxg3 26.fxg3 Qxc2 27.Qxb5 Qa4 28.Qd5 Qxb4
29.Rb1 Qa5 30.Rb5 Qa2 31.Qxa2 Rxa2 32.Rb7 Re8 33.Nh2 h5 34.Nf1 Bf8 35.Ne3 Re7
36.Rb8 Rea7 37.Nf5 Ra8 38.Reb1 Kh7 39.Kh2 Kg6 40.R1b6 f6 41.g4 hxg4 42.hxg4 R2a7
43.Kg3  1/2-1/2

[Event "52nd World Juniors 2013"]
[Site "Kocaeli TUR"]
[Date "2013.09.18"]
[Round "6.11"]
[White "Bortnik,N"]
[Black "Indjic,A"]
[Result "0-1"]
[WhiteElo "2417"]
[BlackElo "2549"]

1.e4 d6 2.d4 Nf6 3.Nc3 e5 4.Nf3 Nbd7 5.Bc4 Be7 6.O-O O-O 7.Re1 c6 8.a4 exd4
9.Nxd4 Ne5 10.Ba2 Re8 11.h3 Qa5 12.Be3 Bf8 13.Qd2 h6 14.Rad1 Ng6 15.Qe2 a6
16.Nb3 Qc7 17.a5 c5 18.Qf3 Kh7 19.Nd2 Be6 20.Bxe6 Rxe6 21.Nc4 Rae8 22.Bf4 Qc6
23.Bg3 Kg8 24.Re3 h5 25.Rde1 h4 26.Bh2 Nd7 27.Nd5 Nf6 28.Nc3 Nd7 29.Qe2 Nge5
30.Bxe5 Nxe5 31.Nxe5 Rxe5 32.Nd5 Be7  0-1

[Event "52nd World Juniors 2013"]
[Site "Kocaeli TUR"]
[Date "2013.09.18"]
[Round "6.28"]
[White "Ali Marandi,C"]
[Black "Tomazini,A"]
[Result "1-0"]
[WhiteElo "2403"]
[BlackElo "2251"]

1.e4 d6 2.d4 Nf6 3.Nc3 e5 4.Nf3 Nbd7 5.Bc4 Be7 6.O-O O-O 7.Re1 c6 8.a4 h6
9.h3 Re8 10.a5 Qc7 11.Be3 Nf8 12.Bb3 Be6 13.d5 cxd5 14.exd5 Bd7 15.a6 b6
16.Qe2 Rac8 17.Nd2 N6h7 18.Nc4 f5 19.Nxe5 Bf6 20.Nxd7 Nxd7 21.Nb5 Qb8 22.Qh5 Bxb2
23.Rab1 Be5 24.Qxf5 Ndf8 25.Bd4 Bxd4 26.Nxd4 Nf6 27.Nc6 Qc7 28.Ne7+ Rxe7
29.Rxe7 Qxe7 30.Qxc8 Qe2 31.Qc4 Qxc4 32.Bxc4 N8d7 33.Bb5 Nc5 34.c4 Kf7 35.Re1 g5
36.Re3 Nce4 37.f3 Nc5 38.g4  1-0

[Event "Baku Open 2013"]
[Site "Baku AZE"]
[Date "2013.09.19"]
[Round "1.4"]
[White "Pourramezanali,A"]
[Black "Khismatullin,D"]
[Result "0-1"]
[WhiteElo "2455"]
[BlackElo "2661"]

1.e4 d6 2.d4 Nf6 3.Nc3 e5 4.dxe5 dxe5 5.Qxd8+ Kxd8 6.Bg5 Be6 7.O-O-O+ Kc8
8.Nf3 Nbd7 9.Bxf6 gxf6 10.Nh4 c6 11.Kb1 Nc5 12.f3 h5 13.Ne2 Kc7 14.Nc1 Bh6
15.Nd3 Rad8 16.Be2 Na4 17.Nf5 Bxf5 18.exf5 Be3 19.Rhe1 h4 20.Bf1 Bg1 21.Re4 Nb6
22.h3 Nd5 23.Rde1 Bh2 24.Rg4 Bg3 25.Rc1 b6 26.Ra4 a5 27.c4 Ne3 28.Ra3 Rd4
29.Be2 Rxc4 30.Rxc4 Nxc4 31.Rc3 Nd6 32.b4 Rb8 33.bxa5 bxa5+ 34.Rb3 Rxb3+
35.axb3 Nxf5 36.Nb2 Be1 37.Nd1 Kd6 38.Bc4 Ke7 39.Kc2 Nd6 40.Ba6 f5 41.Ne3 Ke6
42.Nc4 Nb5 43.Kd1 Bb4 44.Bc8+ Kf6 45.Nb6 Kg5  0-1

[Event "Baku Open 2013"]
[Site "Baku AZE"]
[Date "2013.09.19"]
[Round "1.20"]
[White "Mammadova,G"]
[Black "Gagunashvili,M"]
[Result "1/2-1/2"]
[WhiteElo "2349"]
[BlackElo "2585"]

1.e4 d6 2.d4 Nf6 3.Nc3 e5 4.Nf3 Nbd7 5.Bc4 Be7 6.O-O O-O 7.Re1 c6 8.a4 Qc7
9.h3 h6 10.a5 Re8 11.Bb3 Nf8 12.Nh4 exd4 13.Qxd4 Be6 14.Bxe6 Nxe6 15.Qd3 Bf8
16.Nf5 Nc5 17.Qd4 Nfd7 18.Rd1 Ne6 19.Qd2 Ne5 20.b3 Rad8 21.Ba3 Nc5 22.Qe3 Kh7
23.Nxd6 Rxd6 24.Bxc5 Rxd1+ 25.Nxd1 Bxc5 26.Qxc5 a6 27.Nc3 Nd7 28.Qf5+ Kg8
29.Rd1 Nf8 30.Qc5 Ne6 31.Qb4 Nf4 32.Qd6 Qxa5 33.Qxf4 Qxc3 34.Rd7 Rf8 35.Rxb7 Qxc2
36.e5 Qd1+ 37.Kh2 Qd5 38.Qe3 Ra8 39.f4 a5 40.Qc3 Qe4 41.Qd2 h5 42.Rd7 c5
43.Rc7 Qb4 44.Qe3 Qd4 45.Qxd4 cxd4 46.Rd7 Rb8 47.Rd5 Rxb3 48.Rxa5 h4 49.Rd5 Rd3  1/2-1/2

[Event "Baku Open 2013"]
[Site "Baku AZE"]
[Date "2013.09.19"]
[Round "1.30"]
[White "Abdulla,K"]
[Black "Rogozenco,D"]
[Result "0-1"]
[WhiteElo "2249"]
[BlackElo "2515"]

1.e4 d6 2.d4 Nf6 3.Nc3 e5 4.Nf3 Nbd7 5.Bc4 Be7 6.O-O O-O 7.Qe2 c6 8.a4 a5
9.Rd1 Qc7 10.h3 exd4 11.Nxd4 Re8 12.Bf4 Ne5 13.Bb3 Bf8 14.Bg5 Qe7 15.Re1 h6
16.Bh4 Ng6 17.Bg3 Qc7 18.Rad1 Qb6 19.Qc4 Nh8 20.Qd3 Nd7 21.Nf5 Nc5 22.Qd4 Bxf5
23.exf5 Rxe1+ 24.Rxe1 Qb4 25.Qd1 Nxb3 26.cxb3 d5 27.Be5 f6 28.Bd4 Nf7 29.Re6 Bc5
30.Bxc5 Qxc5 31.Qg4 Ng5 32.Re1 d4 33.Ne4 Qe7 34.Kf1 Qd7 35.Nxg5 hxg5 36.Rd1 c5
37.Rd3 Re8 38.Qf3 Qe7 39.g4 Qe4 40.Kg2 Kf7 41.Rd2 Qxf3+ 42.Kxf3 Re5 43.Kg3 Ke7
44.h4 Re1 45.hxg5 fxg5 46.Rd3 Kf6 47.Kg2 Re2 48.Kf3 Rxb2 49.Ke4 Rxf2 50.Kd5 Rg2
51.Kxc5 Rxg4 52.Kb6 Kxf5 53.Kxb7 Ke4 54.Rd1 d3 55.b4 Ke3 56.bxa5 d2 57.a6 Rb4+  0-1

[Event "TCh-CRO Ia Liga 2013"]
[Site "Bol CRO"]
[Date "2013.09.19"]
[Round "6.4"]
[White "Rogulj,B"]
[Black "Krstic,U"]
[Result "1/2-1/2"]
[WhiteElo "2405"]
[BlackElo "2457"]

1.e4 d6 2.d4 Nf6 3.Nc3 e5 4.Nf3 Nbd7 5.Bc4 Be7 6.O-O Nb6 7.Bb3 exd4 8.Qxd4 O-O
9.h3 Nfd7 10.Bf4 Nc5 11.Qd2 a5 12.a4 Bf6 13.Rfe1 Nxb3 14.cxb3 Be6 15.Qc2 Nd7
16.Nb5 Nc5 17.Re3 b6 18.Rd1 Qc8 19.Bg5 Bxg5 20.Nxg5 h6 21.Nf3 Qb7 22.Nfd4 Rae8
23.Rde1 Bd7 24.Nc3 Qc8 25.Nd5 Qd8 26.Qc3 c6 27.Nf4 Qf6 28.Nh5 Qe5 29.g4 g6
30.f4 Qh8 31.Ng3 Qf6 32.Rf1 Re7 33.e5 dxe5 34.fxe5 Qg7 35.Kh2 Rfe8 36.Nf3 Be6
37.b4 axb4 38.Qxb4 Bd5 39.a5 Nd7 40.axb6 c5 41.Qc3 Bxf3 42.Rexf3 Rb8 43.e6 fxe6
44.Qd2 Rxb6 45.R1f2 Rb4 46.Kg2 Rd4 47.Qe3 c4 48.Ne4 Rd3 49.Qc1 Rxf3 50.Rxf3 Qd4
51.Nc3 Kg7 52.Nb5 Qd5 53.Nc3 Qc6 54.Qf4 e5 55.Qe4 Qxe4 56.Nxe4 Nb6 57.Ra3 Nd5
58.Nd6 Nf4+ 59.Kf1 Nd3 60.Nxc4 e4 61.Ke2 Rb7 62.Ke3 Nxb2  1/2-1/2